[Event "Koop Tjuchem"]
[Site "Groningen"]
[Date "1996.??.??"]
[Round "1"]
[White "Akopian, Vladimir Eduardovic"]
[Black "Sokolov, Ivan"]
[Result "1/2-1/2"]
[WhiteElo "2630"]
[BlackElo "2670"]
[Annotator "Ribli,Z"]
[PlyCount "67"]
[EventDate "1996.12.20"]
[EventType "tourn"]
[EventRounds "11"]
[EventCountry "NED"]
[EventCategory "16"]
[SourceTitle "CBM 057"]
[Source "ChessBase"]
[SourceDate "1997.04.01"]
[SourceVersion "1"]
[SourceVersionDate "1997.04.01"]
[SourceQuality "1"]

1. c4 e5 2. Nc3 Nf6 3. g3 Bb4 {Das ist natürlich ein normaler Zug, aber
heutzutage ist 3...d5 populärer. In unserer Partie spielt Schwarz eigentlich
einen "anti-sizilianischen Aufbau ". Er hat keine Angst das Läuferpaar zu
geben und strebt nach möglichst schneller Entwicklung. Ribli.} 4. Bg2 O-O 5.
Nf3 (5. e4 $5) 5... Re8 6. O-O c6 {Natürlich gibt es viele andere
Möglichkeiten wie z.B. 6...e4.Ribli.} 7. d3 h6 {Vermeidet das sonst später
mögliche Bg5. Ribli.} 8. Nd2 Na6 (8... d5 9. Qb3 Bxc3 10. bxc3) 9. a3 (9. Qc2
$5) 9... Bxc3 10. bxc3 Nc7 {Weiss hat einen Doppelbauern auf der c-Linie, ist
aber im Zentrum sehr stark. Sein Plan ist es, natürlich nach guter
Vorbereitung, später mit e4 und f4 die Stellung zu öffnen. Ribli.} (10... d6 {
Mit der Idee Be6.  Qd7 und dann möglicherweise Bh3 scheint mir natürlicher.
Ribli.}) 11. a4 (11. c5 b6 12. cxb6 axb6) 11... d5 (11... d6) 12. cxd5 cxd5 13.
c4 Bg4 $6 (13... Bd7 {Mit dem Plan 14...Bc6 mit eventuellem Läufertausch ist
meiner Meinung nach logischer. Die Partiefortsetzung ist pseudoaktiv, in
Wirklichkeit, steht der Läufer auf g4 nicht so glücklich.Ribli.}) 14. h3 $14
Bh5 15. Bb2 d4 (15... Qd7) 16. Ba3 Rb8 17. Re1 Qd7 18. Qb3 Bg6 {Schwarz plant
den Vorstoss e5-e4, aber mit dem folgenden Zug sichert Weiß seinen Vorteil.
Ribli.} 19. e4 $1 dxe3 {Erzwungen,sondern Schwarz muss spielen "ohne" Laufer
g6.Ribli.} 20. Rxe3 b6 21. Bb2 (21. Rae1 Rbd8) 21... Qd6 22. Qa3 $1 Qxa3 23.
Rxa3 $16 {Weiß hat ein gesundes positionelles Plus, er besitzt das Läuferpaar
in offener Stellung und der gegnerische Pe5 bleibt immer schwach. Weiß hat
zwar auch eine Schwäche auf d3, die jedoch ist gut gedeckt. Ribli.} Nd7 24. Bc6
Rbd8 25. a5 (25. Bxd7 Rxd7 26. Rxe5 Rxd3 (26... Rxe5 $2 27. Bxe5)) 25... Ne6 (
25... Re7 26. axb6 Nxb6 (26... axb6 27. Ra7 Nb8 28. Rxe5 (28. Be4 f5 29. Bg2 $5
{Ich glaube, daß ist die beste Möglichkeit. Ribli.}) 28... Nxc6 (28... Rxe5 29.
Bxe5 Nxc6 30. Bxc7 Rc8 31. Rb7 Na5 32. Ra7 (32. Rb8 Rxb8 33. Bxb8 Bxd3 34. Bc7
Nxc4 35. Nxc4 Bxc4 36. Bxb6 $11) 32... Nc6 33. Rb7 $11) 29. Rxe7 Nxa7 (29...
Nxe7 30. Rxc7 Rxd3) 30. Rxc7 Rxd3) 27. Bxe5 (27. Rxe5 Rxe5 28. Bxe5 $18)) 26.
axb6 axb6 27. Bxe5 (27. Bxd7 Rxd7 28. Rxe5 (28. Bxe5 Nc5 (28... Red8 29. Ne4
Nc5 30. Nxc5 bxc5 31. Ra5 Rc8 32. Ra3 Rcd8 $11) 29. d4 f6) 28... Rxd3) 27...
Nxe5 28. Rxe5 $6 (28. Bxe8 Nxd3 29. Bc6 $2 (29. Bb5 $5 Nb4 30. Re2 {Und
Schwarz hat gutes Figurenspiel und etwas Kompensation, aber Weiß hat eine
Mehrqualität.Ribli.}) 29... Nb4 30. Ra8 (30. Be4 Rxd2 $2 (30... Bxe4 31. Nxe4
Nc2 $11) 31. Bxg6 fxg6 32. Rxe6 $18) 30... Nxc6) 28... Rf8 29. Be4 (29. Bd5 $5
$16) (29. Ne4 $2 Nd4 $19) 29... Bxe4 30. Nxe4 (30. Rxe4 $5 Nd4 $44 {Jetzt hat
Schwarz Kompensation, aber ich glaube, die Stellung ist noch immer besser für
Weiß zu spielen.Ribli.}) 30... Nd4 31. Nd2 (31. Kg2 Nc2 32. Rc3 Ne1+) (31. Kf1
$5) 31... Rd7 32. Kg2 Rfd8 $11 33. Rc3 Ne6 {Und Weiss kann seinen Mehrbauern
nicht halten. Ribli.} 34. Kf1 {Die Stellung ist gleich nach 34...Rxd3 35.Rxd3
Rxd3.Ribli.} 1/2-1/2

[Event "Pamplona"]
[Site "Pamplona"]
[Date "2002.12.22"]
[Round "2"]
[White "Vallejo Pons, Francisco"]
[Black "Sokolov, Ivan"]
[Result "1/2-1/2"]
[WhiteElo "2635"]
[BlackElo "2684"]
[Annotator "Ribli,Z"]
[PlyCount "131"]
[EventDate "2002.12.21"]
[EventType "tourn"]
[EventRounds "6"]
[EventCountry "ESP"]
[EventCategory "16"]
[SourceTitle "CBM 093"]
[Source "ChessBase"]
[SourceDate "2003.04.01"]
[SourceVersion "1"]
[SourceVersionDate "2003.04.01"]
[SourceQuality "1"]

1. c4 e5 2. e3 {Der junge spanische Großmeister vermeidet gerne die
theoretischen Hauptlinien. Dieser genügsame Zug bietet Weiß keine Aussicht auf
Vorteil.} Nf6 3. Nc3 c6 {Schwarz möchte d7-d5 ziehen. Die Alternative 3...Bb4
kommt auch in Betracht.} (3... Bb4 4. Nge2 O-O 5. a3 Bxc3 6. Nxc3 d5 7. cxd5
Nxd5 8. Qc2 c5 9. Bd3 Nxc3 10. dxc3 f5 11. O-O Be6 12. c4 Nc6 $13 {Franco,
Z-Morovich,A/Pamplona/1995/CBM46/}) 4. Nf3 d6 {Das ist die ruhige Fortsetzung,
aber die Alternative 4...e4 ist ebenfalls spielbar.} (4... e4 5. Nd4 d5 6. cxd5
cxd5 7. d3 Bc5 8. Nb3 Bb4 9. Bd2 (9. dxe4 Nxe4 10. Qd4 Bxc3+ 11. bxc3 O-O 12.
c4 Nc6 13. Qxd5 Qe7 14. Bd3 Qb4+ 15. Kf1 Nf6 16. Qc5 Qc3 17. Be2 Rd8 18. f3 Be6
19. Ba3 Nd7 {1/2-1/2 Andersson,U-Sosonko,G/Thessaloniki 1988/TD (19)}) 9... Nc6
10. dxe4 dxe4 11. Bb5 O-O $6 (11... Bd7 $5) 12. Bxc6 bxc6 13. Nxe4 Nxe4 14.
Bxb4 Qg5 $1 $8 15. Qf3 Re8 16. O-O Qg6 17. Kh1 (17. Nd2 Bg4 18. Qf4 Bh3 19. Qf3
Bg4 $10) 17... Rb8 $1 18. Bc3 Rb5 $1 19. Nd2 Bg4 $5 (19... Nxd2 20. Bxd2 Rxb2)
20. Qf4 Rf5 21. Qxe4 Rxe4 22. Nxe4 $44 {Ribli. 1-0 Fernandes,A-Gomez Esteban,J/
Linares 1995/CBM 51/[Ribli] (44)}) 5. b3 (5. Qc2 {Dieser Zug kommt stark in
Betracht - Weiß möchte 6.e4 ziehen und verteidigt sich gegen die Möglichkeit
e5-e4.} Bg4 6. Be2 Nbd7 7. d4 Be7 8. O-O O-O 9. Rd1 Qc7 10. e4 Rfe8 11. Be3 Bf8
12. d5 c5 13. Ne1 Bxe2 14. Qxe2 $14 {1/2-1/2 Buslaev,A-Kolarov,A/Tbilisi 1965/
EXT 98 (27)}) (5. d4 e4 6. Nd2 d5) 5... Be7 6. Bb2 O-O 7. d3 Nbd7 {Schwarz
verteidigt den e5-Bauern und möchte nachfolgend d6-d5 ziehen, mit starker
Zentrumsstellung.} 8. Be2 a6 (8... d5 $11) 9. O-O Re8 {Schwarz hat eine
bequeme Stellung.} (9... d5 $11) 10. Qc2 d5 {[%csl Gd5,Ge5] Schwarz hat starke
Bauern im Zentrum.} 11. d4 (11. Rac1 $5 Bd6 12. d4 (12. cxd5 cxd5 13. d4 e4 14.
Nd2 b5 $15) 12... e4 13. Nd2) 11... e4 12. Nd2 Nf8 {Schwarz hat Raumvorteil im
Zentrum. Der f8N zielt nach g6 und endlich kann c8B entwickelt werden.} 13. f3
exf3 14. Bxf3 (14. Nxf3 Ng4 $15) 14... Ng4 $15 {Pe3 ist schwach in der weißen
Stellung.} 15. Bxg4 (15. Rae1 Bh4 16. g3 Bg5 $17) 15... Bxg4 {[%csl Ge7,Gg4]
Schwarz hat das Läuferpaar und eine feste Stellung, weil der Pe3 immer eine
Schwäche im weißen Lager markiert.} 16. Nf3 Bf6 17. cxd5 cxd5 {Wenn wir nur
die Bauernstruktur betrachten, fällt auf, dass nach dem Tausch auf d5 ein
isolierter Bauer dort verblieben ist. Aber das ist kein Nachteil für Schwarz,
weil Weiß den Isolani nicht angreifen kann (im Gegenteil: der Pd5 markiert Pe3
gerade als Schwäche und hindert diesen am Vorrücken).} 18. Qf2 (18. Rae1 Rc8
$15 (18... Bxf3 19. gxf3 (19. Rxf3 Bxd4 $17) 19... Qd7 $15)) 18... Ng6 19. Rae1
Rc8 20. h3 Be6 21. a3 (21. e4 dxe4 22. Nxe4 Be7 $15) 21... Qb6 (21... Be7 $15 {
[%cal Ge7d6]}) 22. b4 {[%csl Rc4] Dieser Zug schwächt c4, so dass Weiß im
Folgenden mit den berüchtigten "zwei Schwächen" (Pe3 und c4) belastet ist.} a5
23. Na4 (23. b5 Be7 $15) 23... Qc6 (23... Qb5 24. Nc3) 24. Nc5 axb4 25. axb4 b6
{Natuerlich muss Schwarz den Nc5 verjagen.} 26. Nxe6 Qxe6 {[%csl Rb2,Yc4,Ye4]
Die weißen Felder sind sehr schwach in der weißen Stellung und der b2B steht
passiv. Schwarz besitzt einen kleinen, aber dauerhaften Positionsvorteil.} 27.
Ne5 $2 {Dieser Zug ist gegen 27...Rc4 gerichtet, aber die Medizin ist
gefährlicher als die Krankheit.} (27. Rc1 $15) 27... Bh4 $1 {[%cal Rh4e1]} 28.
g3 Nxe5 29. dxe5 Qg6 $1 {[%csl Rg3][%cal Rc8c2,Rc2f2,Rc2b2,Gg6g1,Gg6c2]} 30.
Kh2 Rc2 31. gxh4 $8 {Weiß muss die Dame opfern.} Rxf2+ 32. Rxf2 Qe4 $17 {
[%csl Re3,Ge4,Re5,Rh3,Rh4] Schwarz hat großen Materialvorteil. Weiß hat nur
Turm und Läufer gegen der Dame. Noch dazu die weiße Bauernstruktur ist sehr
schlecht.} 33. Bd4 Qxh4 34. Ref1 Re7 35. Rf4 Qh5 36. Rg1 {Schwarz hat gute
Gewinnchancen, aber er hat noch einige technische Problemen zu lösen: Weiß
besitzt eine relativ feste Blockadestellung.} Re6 37. Rgg4 (37. Rfg4 Rg6 $19)
37... Rg6 (37... Rxe5) 38. b5 Re6 39. Rf2 Rxe5 $1 40. Bxb6 (40. Bxe5 Qxe5+ 41.
Rg3 h5 $19) 40... Re4 (40... f5) 41. Rg3 (41. Rxe4 dxe4 42. Rb2 Qe5+ $19 {
[%cal Re5b2,Re5h2]}) 41... Qe5 42. Bd4 Rxd4 43. exd4 Qxd4 {[%mdl 4096] Schwarz
hat die Dame und zwei Bauern gegen zwei Türme. Wegen des reduzierten Materials
hat Weiß noch geringe praktische Remischancen, aber theoretisch ist seine
Stellung verloren.} 44. Re2 h5 45. Rb3 Qb6 46. Rd2 h4 47. Kh1 (47. Rxd5 $2 Qc7+
48. Kg1 Qc1+ $19) 47... d4 48. Rdd3 g5 49. Rb4 Kh7 50. Kg2 (50. Rdxd4 Qe6 51.
Rg4 Qe1+ 52. Kg2 f5 $19) 50... Qc5 51. Rbb3 Qc2+ 52. Kf1 f5 {[%csl Rf1,Gf5,Gg5,
Gh4] Endlich Schwarz mobilisiert seine Reserven - seine Bauern sind sehr stark.
} 53. b6 g4 $19 54. hxg4 fxg4 55. b7 g3 {[%cal Rc2f2,Rf2f1] Droht Matt auf f2.}
56. Rf3 Qh2 $4 {[%mdl 8192] Ein unglaublicher Fehler - stattdessen konnte
Schwarz leicht gewinnen.} (56... Qd1+ 57. Kg2 Qe2+ 58. Kh3 Qh2+ 59. Kg4 g2 60.
Rg3 (60. b8=Q g1=Q+ 61. Kf5 (61. Rg3 Qe2+ $19) 61... Qg6#) 60... g1=Q) 57. b8=Q
g2+ 58. Ke2 g1=Q+ 59. Qxh2 Qxh2+ 60. Kd1 $11 {[%cal Gb3h3] Weiß behält seine
Türme auf der dritten Reihe und Schwarz kann nicht mehr gewinnen.} Kg6 61. Ra3
Kg5 62. Rh3 Qg1+ 63. Kd2 Kg4 64. Rhd3 (64. Rad3 Qg2+ $19) 64... Kf4 65. Rf3+
Ke5 66. Rh3 1/2-1/2

[Event "Olympiad-33"]
[Site "Elista"]
[Date "1998.10.03"]
[Round "5.3"]
[White "Bareev, Evgeny"]
[Black "Volkov, Sergey"]
[Result "1-0"]
[WhiteElo "2690"]
[BlackElo "2605"]
[Annotator "Ribli,Z"]
[PlyCount "53"]
[EventDate "1998.09.29"]
[EventType "team-swiss"]
[EventRounds "13"]
[EventCountry "RUS"]
[SourceTitle "CBM 068"]
[Source "ChessBase"]
[SourceDate "1999.02.01"]
[SourceVersion "1"]
[SourceVersionDate "1999.02.01"]
[SourceQuality "1"]
[WhiteTeam "Russia"]
[BlackTeam "Russia II"]
[WhiteTeamCountry "RUS"]
[BlackTeamCountry "RUS"]

1. c4 Nf6 2. Nc3 c6 {Nach meiner Meinung ist dieser Zug ist etwas verdächtig.
Nach 3.d4 kann Schwarz mit 3...d5 die Slawische Verteidigung spielen, aber 3.
e4 ist besser. Ribli.} 3. e4 e5 (3... d5 4. e5 $5 (4. exd5 cxd5 5. d4 {Und die
Grundstellung der Panov-Variante der Caro-Kann-Verteidigung ist erreicht.})
4... d4 (4... Ne4 5. Nf3 Bg4 6. h3 Bh5 7. cxd5 Nxc3 (7... cxd5 8. Bb5+ $16) 8.
dxc3 Qxd5 9. Qxd5 cxd5 10. Bb5+ $14) 5. exf6 dxc3 6. fxg7 cxd2+ 7. Bxd2 Bxg7 8.
Qc2 Nd7 9. Ne2 Nf6 10. Ng3 Qc7 11. Bd3 $14 {Weiß hat besseres Figurenspiel und
die schwarze Bauernstruktur am Königsflügel ist schwach.}) 4. Nf3 Bb4 (4... d6
5. d4 Nbd7 6. Be2 $14 {Das ist eine Grundstellung der "Alt-Indischen
Verteidigung". Weiß besitzt ein starkes Bauernzentrum und ist daher leicht im
Vorteil.}) 5. Nxe5 O-O (5... Qe7 6. Nf3 Nxe4 7. Be2 O-O 8. O-O $14) 6. Nd3 Bxc3
7. dxc3 Nxe4 {Die Stellung ähnelt jetzt der Russischen Verteidigung nach 1.e4
e5 2.Nf3 Nf6 3.Nc3 Bb4 4.Nxe5 0-0 5.Be2 Re8 6.Nd3 Bxc3 7.dxc3 Nxe4.} 8. Be2 (8.
Nf4 $5 {Dieser Zug ist zielstrebiger als die Partiefortsetzung.} Na6 9. Be3 d6
10. Qd4 Re8 11. Nh5 f6 12. f3 Ng5 13. Kf2 Qa5 14. Ng3 Nf7 15. Bd3 $14 Qe5 16.
Rhe1 Qxd4 17. Bxd4 Be6 18. b3 Nc7 19. Rad1 b6 20. Nh5 Ne5 21. Be2 c5 22. Be3 d5
{1/2-1/2 Kortschnoj,V-Malich,B/Kapfenberg 1970/EU-chT (27)}) 8... d6 (8... d5
9. cxd5 Qxd5 10. O-O Nd7 (10... Bf5 11. Be3 Qe6 12. Re1 Nd7 13. Bf1 Qd5 14. Nf4
Qxd1 15. Raxd1 Nef6 16. f3 Rfe8 17. g4 Be6 18. Nxe6 fxe6 19. c4 Nf8 20. Rd6 {
1-0 Tal,M-Mukhametov,E/Leningrad 1991/TD (54)}) 11. Be3 Ndf6 12. Nf4 Qa5 13.
Qc1 Re8 14. Re1 Bf5 15. f3 Ng5 16. Bd4 Qd8 17. Bc4 Qd6 18. Rd1 Qe7 19. b4 b5
20. Bb3 a5 21. Bc5 Qc7 22. a4 axb4 23. cxb4 bxa4 24. Rxa4 Rxa4 25. Bxa4 Ne6 {
1/2-1/2 Arkhipov,S-Hertneck,G/Kecskemet 1990/CBM 20/[Ribli] (42)}) 9. O-O Nd7
10. Re1 Qf6 11. f3 $14 {Weiß besitzt das Läuferpaar und Übergewicht im Zentrum,
während der schwarze Bauer d6 eine dauerhafte Schwäche darstellt.} Nec5 12. Nf2
$1 {Dieser Zug ist viel stärker als der Springertausch. Schwarz hat
Entwicklungsprobleme, seine Springer finden keine guten Felder.} (12. Nxc5 Nxc5
$14) 12... a5 {Schwarz sichert seinen Springer gegen eventuelles b2-b4 ab.} 13.
Be3 {[%cal Ge3d4,Gd4f6]} Re8 14. Qd2 {[%csl Rd6][%cal Ra1d1,Rd1d6]} a4 (14...
Ne5 15. Rad1 $16 {[%csl Rd6]}) (14... Nf8 15. Bf4 $16 {[%csl Rd6]}) 15. Rad1 {
[%csl Rd6]} (15. Bf4 Ne5) 15... Re6 {Nur mit diesem unnatürlichen Zug kann
Schwarz seinen Bauern d6 verteidigen.} 16. f4 $16 {[%csl Rd6][%cal Ge2g4,Gg4c8]
} Nf8 17. f5 $16 {[%csl Rd6,Re6,Rf6][%cal Rf2g4] Nach diesem Zug gerät Schwarz
in große Schwierigkeiten.} (17. Bg4 {[%csl Rd6][%cal Rg4c8]} Ne4 18. Nxe4 Rxe4
19. Bxc8 (19. Bf3 Re6 20. Bd4 $14) 19... Rxc8 20. Qxd6 Qxd6 21. Rxd6 $16 Rce8
22. Kf2 Rxc4 23. Bd4 {[%csl Rc4]} Rxe1 24. Kxe1 {[%csl Rc4]} c5 25. b3 $18)
17... Rxe3 {Schwarz opfert die Qualität, um sich etwas zu befreien. Gute
Alternativen sind kaum zu finden.} (17... Re8 18. g4 $16 {[%csl Rd6]} (18. Bf3
$6 Bxf5 19. Qxd6 Qxd6 20. Rxd6 Nfd7 $11 (20... Re7 $11 {[%cal Ge7e1,Ga8e8]})))
18. Ng4 {[%cal Rg4e3,Rg4f6]} (18. Qxe3 Bxf5 19. Qd4 $16 {[%cal Rd1d6]}) 18...
Qh4 (18... Qxf5 19. Nxe3 Qg5 20. Bf3 $16 {[%csl Rd6]}) 19. Nxe3 Ne4 {[%cal
Re4d2,Rh4f2] [#]} 20. g3 $1 (20. Qc1 $16) 20... Nxg3 {Schwarz fischt im Trüben.
Er hat natürlich keine Kompensation für das geopferte (verlorene) Material.} (
20... Qe7 21. Qc2 $16) (20... Nxd2 21. gxh4 Ne4 22. Bf3 Nf6 23. Rxd6 $18) 21.
hxg3 Qxg3+ 22. Ng2 $18 a3 (22... Bxf5 23. Qxd6 $18) 23. Qxd6 {[%cal Rd6g3]} (
23. b3 $18) 23... Qg5 (23... Qxd6 24. Rxd6 axb2 25. Rd8 Rxa2 26. Rxc8 Ra1 27.
Bd3 $18) 24. Qd8 Qxf5 25. b4 {Weiß steht auf Gewinn. Schwarz hat nur zwei
Bauern für den Turm.} Qc2 26. Bf3 (26. Qd2 $18) 26... Bg4 27. Qxa8 {Und
Schwarz hat schon zwei Türme weniger; er muß aufgeben. Eine sehr schlechte
Eröffnung von Volkov.} (27. Qxa8 Bxf3 28. Qxf8+ Kxf8 29. Rd8#) 1-0